| 000 | 00924nam a2200289Ia 4500 | ||
|---|---|---|---|
| 003 | OSt | ||
| 005 | 20220927105750.0 | ||
| 006 | a|||||r|||| 00| 0 | ||
| 007 | ta | ||
| 008 | 220926b |||||||| |||| 00| 0 eng d | ||
| 020 | _a9789291691418 | ||
| 024 | _a203530 | ||
| 037 | _cReference Collections | ||
| 040 |
_aRTL _cRTL _beng |
||
| 041 |
_2eng _aeng |
||
| 082 | _a"U287, Q4/UN" | ||
| 100 |
_aFIELD Christopher B _9374843 |
||
| 110 | _aUNITED NATIONS ENVIRONMENT PROGRAMME | ||
| 245 | 0 |
_aClimate change 2014 _b" Impacts, adaptation, and vulnerability" |
|
| 260 |
_a"Geneva," _b"IPCC, " _c2014 |
||
| 300 |
_a"xiii, 190p." _ccm. |
||
| 700 |
_a BARROS Vicente R _9374844 |
||
| 700 |
_a DOKKEN David Jon _9374845 |
||
| 700 | _aUNITED NATIONS ENVIRONMENT PROGRAMME | ||
| 942 |
_h"U287, Q4/UN" _cCC |
||
| 999 |
_c694499 _d694499 |
||